00588nam a2200169 i 450000100060000000300090000600500170001500700030003200800410003510000270007624500940010326000350019730000270023285200220025999900170028195201200029896425ES-MaACL20230906181918.0t|050617s1918 xxk ||||1| eng d1 aMagnus, Laurie.97550110aA general sketch of European Literature in the centuries of romance / cby Laurie Magnus. aLondon : bKegan Paul, c1918. aXVI, 412 p. ; c22 cm. aES-MaACLjB-12728 c96425d96425 00104070aATENEOMbATENEOMcSPBd2008-01-17eSCl0oB-12728p1100670r2023-02-23 00:00:00w2023-02-23yMONOGRAFIA